000 00288nam a2200109Ia 4500
008 190914s9999||||xx |||||||||||||| ||und||
100 _aMuhammad Ali Mazidi
245 0 _aPIC Microcontroller and Embedded Systems
260 _aIndia
_bTata McGraw Hill
_c2001
300 _a2004
942 _cBK
999 _c9359
_d9359